LEADER 01272nam0 22002773i 450 001 VAN0113532 005 20230222121737.927 010 $a978-88-7075-774-3 100 $a20180111d2014 |0itac50 ba 101 $aita 102 $aIT 105 $a|||| ||||| 200 1 $aPromuovere e raccontare i lbri sui social network$estrategie, idee, consigli pratici e soluzioni su misura$fDavide Giansoldati 210 $aMilano$cBibliografica$d2014 215 $a132 p.$cill.$d20 cm 410 1$1001VAN0070373$12001 $aˆI ‰mestieri del libro$1210 $aMilano$cBibliografica. 620 $dMilano$3VANL000284 676 $a020$cBiblioteconomia e scienza dell'informazione$v22 700 1$aGiansoldati$bDavide$3VANV087644$0479884 712 $aBibliografica $3VANV108606$4650 801 $aIT$bSOL$c20230616$gRICA 899 $aBIBLIOTECA DEL DIPARTIMENTO DI SCIENZE E TECNOLOGIE AMBIENTALI BIOLOGICHE E FARMACEUTICHE$1IT-CE0101$2VAN17 912 $aVAN0113532 950 $aBIBLIOTECA DEL DIPARTIMENTO DI SCIENZE E TECNOLOGIE AMBIENTALI BIOLOGICHE E FARMACEUTICHE$d17CONS Zd34 $e17BIB1817 20180612 $sBuono 996 $aPromuovere e raccontare i lbri sui social network$91522651 997 $aUNICAMPANIA